Una mirada desde la Gestión Social de Patitas en Acción a la sobrepoblación de perros en Argentina / (Registro nro. 17988)

000 -CABECERA
Campo de control de longitud fija 01455nam a22001937a 4500
003 - IDENTIFICADOR DEL NÚMERO DE CONTROL
Campo de control AR-BaUME
005 - FECHA Y HORA DE LA ÚLTIMA TRANSACCIÓN
Campo de control 20260306113429.0
008 - CÓDIGOS DE INFORMACIÓN DE LONGITUD FIJA
Campo de control de longitud fija 260306b ||||| |||| 00| 0 spa d
040 ## - FUENTE DE LA CATALOGACIÓN
Centro catalogador de origen UMET Biblioteca
Lengua de catalogación spa
Centro transcriptor UMET Biblioteca
100 ## - PUNTO DE ACCESO PRINCIPAL - NOMBRE DE PERSONA
Nombre de persona Casadei, Lucila Maria Sofia
9 (RLIN) 27294
245 ## - MENCIÓN DE TÍTULO
Título Una mirada desde la Gestión Social de Patitas en Acción a la sobrepoblación de perros en Argentina /
Mención de responsabilidad etc. Lucila Maria Sofia Casadei; tutor Sebastián Barbosa
250 ## - MENCIÓN DE EDICIÓN
Mención de edición 1a ed.
260 ## - PUBLICATION, DISTRIBUTION, ETC. (IMPRINT)
Lugar de publicación distribución etc. Ciudad de Buenos Aires :
Nombre del editor distribuidor etc. UMET,
Fecha de publicación distribución etc. 2022
300 ## - DESCRIPCIÓN FÍSICA
Extensión 89 p. :
502 ## - NOTA DE TESIS
Nota de tesis Tesis (Licenciatura en Gestión Social y de las Organizaciones) -
Nombre de la institución que otorga el título Universidad Metropolitana para la Educación y el Trabajo, Ciudad de Buenos Aires,
Año de obtención del título 2022.
520 ## - NOTA DE SUMARIO; ETC.
Sumario etc. "Para mi trabajo integrador final de la Licenciatura en Gestión Social y de las Organizaciones en la Universidad Metropolitana de la Educación y el Trabajo, realicé una contextualización sobre
la problemática de los perros en situación de calle en el Área Metropolitana de Buenos Aires, Argentina. Si bien hay investigaciones sobre este tema, yo me propongo analizar desde la
importancia para los perros en situación de calle de encontrar un hogar y de que haya control poblacional en el país y no desde la mirada más común y a mi criterio etnocentrista: la sobrepoblación solo como cuestión de Salud Pública."
Fuente proveedora (introducción)
700 ## - PUNTO DE ACCESO ADICIONAL - NOMBRE DE PERSONA
Nombre de persona Barbosa, Sebastián
Término indicativo de función tut.
9 (RLIN) 27295
942 ## - ENTRADA PARA ELEMENTOS AGREGADOS (KOHA)
Fuente de clasificación o esquema de ordenación en estanterías
Koha [por defecto] tipo de item Tesis de Grado

No hay ítems disponibles.

CITRA CONICET-UMET
Sarmiento 2037 7° Venezuela 356 2° Sarmiento 2058
[email protected] [email protected] [email protected]

Con tecnología Koha